| 000 | 00827nam a22002057a 4500 | ||
|---|---|---|---|
| 999 |
_c16649 _d16649 |
||
| 003 | AR-CdUCM | ||
| 008 | 190504b ||||| |||| 00| 0 spa d | ||
| 040 |
_aMUNICIPALIDAD PROVINCIAL DEL CUSCO _cBIBLIOTECA MUNICIPAL DEL CUSCO |
||
| 082 |
_a194 / _bG97 |
||
| 100 |
_aGuyau, Juan Maria _936219 |
||
| 245 | _aLa idea de tiempo / | ||
| 260 |
_aBuenos Aires : _bTor, |
||
| 300 |
_a156 páginas ; _c17 cm. |
||
| 505 | _aContenido: La teoría esperimental del tiempo y la teoría kantiana -- Periodo de confusión primitiva -- Forma pasiva del tiempo; su origen parte de las nociones de diferencia, de semejanza, de pluralidad, de grado y de orden... | ||
| 650 |
_aTeoría del tiempo _936220 |
||
| 650 |
_aCiencias sociales _91096 |
||
| 650 |
_aPatologías del tiempo _936221 |
||
| 942 |
_2ddc _cLIBROS |
||
| 945 |
_adavv _d04/05/2019 |
||